[Event "ch-SWE JSM"]
[Site "Lund SWE"]
[Date "2010.07.06"]
[Round "4"]
[White "Janse,R"]
[Black "Lindgren,P"]
[Result "1-0"]
[WhiteElo "2169"]
[BlackElo "2109"]

1.d4 d5 2.c4 c6 3.Nf3 Nf6 4.Nc3 e6 5.e3 Nbd7 6.Bd3 dxc4 7.Bxc4 b5 8.Bd3 a6
9.e4 c5 10.d5 c4 11.dxe6 fxe6 12.Bc2 Qc7 13.Qe2 Bd6 14.O-O O-O 15.Ng5 Nc5
16.f4 e5 17.a4 Bg4 18.Qf2 h6 19.Nf3 Bxf3 20.Qxf3 b4 21.Ne2 b3 22.Bb1 Rae8
23.f5 Nb7 24.g4 Bc5+ 25.Kg2 g5 26.h4 Qg7 27.hxg5 hxg5 28.Ng3 Kf7 29.Qc3 Nd6
30.Bd3 Bd4 31.Bxc4+ Ke7 32.Qxb3 Rb8 33.Bb5 Kd8 34.Qe6 Kc7 35.Bd2 axb5 36.Rfc1+ Nc4
37.axb5 Rb6 38.Ra7+ Kb8 39.Rxg7 Rxe6 40.Rxc4 Rb6 41.Rxg5 Rxb5 42.Rb4 Rxb4
43.Bxb4 Rc8 44.Bc3  1-0

[Event "85th ch-ARG"]
[Site "Buenos Aires ARG"]
[Date "2010.07.08"]
[Round "4"]
[White "Spata,G"]
[Black "Virgillito,C"]
[Result "1-0"]
[WhiteElo "2286"]
[BlackElo "2238"]

1.Nf3 d5 2.e3 Nf6 3.c4 c6 4.d4 e6 5.Nc3 Nbd7 6.a3 Bd6 7.b4 O-O 8.Bb2 Qe7
9.Qb3 dxc4 10.Bxc4 e5 11.dxe5 Nxe5 12.Be2 Be6 13.Qc2 Nc4 14.O-O a5 15.b5 Nxa3
16.Bxa3 Bxa3 17.Nd4 cxb5 18.Nxe6 Qxe6 19.Nxb5 Rac8 20.Qa4 Bb4 21.Bf3 Rc5
22.Nd4 Qe7 23.Rab1 g5 24.Nb3 Re5 25.Qa1 g4 26.Bxb7 Rb8 27.Bc6 h6 28.Nd4 Rc8
29.g3 Qd6 30.Rfd1 Rc5 31.Bb7 Bc3 32.Qa2 Rd8 33.Bg2 Qf8 34.Ne2 Be5 35.Qa4 Rdc8
36.Nd4 Qe8 37.Qa3 h5 38.Rb6 Nd5 39.Bxd5 Rxd5 40.Qd3 Rcd8 41.Rh6 Bg7 42.Qh7+ Kf8
43.Rxh5 Qa4 44.Rb1 Qa2 45.Rxd5 Qxd5 46.Nf5 Bc3 47.Qh6+ Ke8 48.Qg5 Bb4 49.Qxg4 Qd3
50.Rc1 Qd2 51.Qc4  1-0

[Event "Heart of Finland"]
[Site "Jyvaskyla FIN"]
[Date "2010.07.10"]
[Round "8"]
[White "Piarnpuu,L"]
[Black "Lauk,U"]
[Result "0-1"]
[WhiteElo "2126"]
[BlackElo "2410"]

1.d4 d5 2.Nf3 Nf6 3.c4 c6 4.e3 e6 5.Nc3 Nbd7 6.Qc2 Bd6 7.Be2 O-O 8.O-O dxc4
9.Bxc4 b5 10.Bd3 Bb7 11.Rd1 Qc7 12.h3 a6 13.Ng5 h6 14.Nge4 Be7 15.Nxf6+ Nxf6
16.Ne4 Nxe4 17.Bxe4 Rac8 18.b3 f5 19.Bf3 c5 20.d5 Rcd8 21.dxe6 Bxf3 22.gxf3 Rxd1+
23.Qxd1 Qe5 24.Rb1 Qxe6 25.f4 Rd8 26.Qe1 Qe4 27.Bb2 Qf3 28.Be5 Qxh3 29.Qe2 Kf7
30.Qf1  0-1

[Event "XII Open"]
[Site "Torredembarra ESP"]
[Date "2010.07.10"]
[Round "8"]
[White "Gomez Ledo,R"]
[Black "Gomez Garrido,C"]
[Result "0-1"]
[WhiteElo "2445"]
[BlackElo "2499"]

1.d4 d5 2.c4 c6 3.Nc3 Nf6 4.e3 e6 5.Nf3 Nbd7 6.Qc2 Bd6 7.b3 O-O 8.Be2 Re8
9.O-O b6 10.Bb2 Bb7 11.Rad1 Qe7 12.Rfe1 Rad8 13.Bd3 c5 14.cxd5 exd5 15.dxc5 bxc5
16.Bf5 g6 17.Bh3 Ne5 18.Nxe5 Qxe5 19.g3 d4 20.Bg2 Bxg2 21.exd4 Qh5 22.Rxe8+ Rxe8
23.Kxg2 Ng4 24.h3 Ne3+ 25.fxe3 Rxe3 26.Qf2 Rxg3+ 27.Qxg3 Bxg3 28.Kxg3 cxd4
29.Rxd4 Qe5+ 30.Rf4 g5  0-1

[Event "7th South Wales Int"]
[Site "Treforest WLS"]
[Date "2010.07.10"]
[Round "1"]
[White "Marusenko,P"]
[Black "Harley Yeo,G"]
[Result "1-0"]
[WhiteElo "2233"]
[BlackElo "2024"]

1.d4 d5 2.c4 c6 3.Nc3 Nf6 4.Nf3 e6 5.e3 Nbd7 6.b3 Bd6 7.Bb2 O-O 8.Be2 Ne4
9.Nxe4 dxe4 10.Nd2 f5 11.g3 b6 12.O-O Bb7 13.Re1 Qg5 14.Bf1 Qg6 15.Bg2 Nf6
16.a4 Rfe8 17.a5 Rad8 18.Qc2 c5 19.axb6 axb6 20.f3 exf3 21.Nxf3 Be4 22.Qe2 Qh6
23.Ra6 Bc7 24.Nd2 Bxg2 25.Qxg2 Ng4 26.Nf1 Qf6 27.dxc5 e5 28.cxb6 Bb8 29.c5 Rd3
30.c6 Bd6 31.Qc2 Rd5 32.Qc4 Qe6 33.c7  1-0

[Event "ZDMI Open"]
[Site "Dresden GER"]
[Date "2010.07.11"]
[Round "2"]
[White "Ovsejevitsch,S"]
[Black "Walther,Ju"]
[Result "1-0"]
[WhiteElo "2594"]
[BlackElo "1943"]

1.d4 d5 2.c4 c6 3.e3 e6 4.Nc3 Nf6 5.Nf3 dxc4 6.Bxc4 b5 7.Bd3 Bb7 8.e4 b4
9.Na4 Nbd7 10.e5 Nd5 11.Ng5 g6 12.Qf3 Qe7 13.Ne4 Qd8 14.O-O Be7 15.Bh6 Qa5
16.Bc2 Ba6 17.Rfe1 Bb5 18.Nac5 Nxc5 19.dxc5 a6 20.Bb3 Ra7 21.a4 bxa3 22.bxa3 Ba4
23.Bd2 Qb5 24.Rab1 Bxb3 25.Rxb3 Qa4 26.Rb8+  1-0

[Event "4th LCT"]
[Site "Leiden NED"]
[Date "2010.07.11"]
[Round "3"]
[White "Gofshtein,L"]
[Black "Oosterom,E"]
[Result "1-0"]
[WhiteElo "2521"]
[BlackElo "2109"]

1.d4 d5 2.c4 c6 3.Nf3 Nf6 4.Nc3 e6 5.e3 Nbd7 6.Qc2 Bd6 7.Bd3 O-O 8.O-O h6
9.Rd1 Qe7 10.Bd2 b6 11.cxd5 exd5 12.e4 dxe4 13.Nxe4 Nxe4 14.Bxe4 Bb7 15.Re1 Qd8
16.Rac1 Rc8 17.Qa4 Qc7 18.Bf5 Rcd8 19.d5 Ne5 20.Nxe5 Bxe5 21.dxc6 Bc8 22.Bxc8 Rxd2
23.Bd7 Bxh2+ 24.Kf1 Be5 25.Rc2 Rd4 26.Rc4 Rxc4 27.Qxc4 Bxb2 28.Qb4 Be5 29.Rd1 a5
30.Qb1 Bd6 31.Qd3 Bc5 32.g3 Rd8 33.a4 Kf8 34.Kg2 g6 35.f4 Kg7 36.Qc3+  1-0

[Event "38th TCh-GRE DivA"]
[Site "Peristeri GRE"]
[Date "2010.07.11"]
[Round "7"]
[White "Kempinski,R"]
[Black "Sjugirov,S"]
[Result "1/2-1/2"]
[WhiteElo "2612"]
[BlackElo "2610"]

1.d4 d5 2.c4 e6 3.Nf3 Nf6 4.Nc3 c6 5.e3 Nbd7 6.Bd3 dxc4 7.Bxc4 b5 8.Bd3 Bb7
9.O-O a6 10.a4 b4 11.Ne4 c5 12.Ned2 a5 13.e4 cxd4 14.e5 Nd5 15.Nb3 Be7 16.Qe2 Qb6
17.Nfxd4 O-O 18.Bd2 Nc5 19.Nxc5 Bxc5 20.Nb3 Be7 21.h4 Rfd8 22.Rac1 Bc6 23.Be3 Nxe3
24.fxe3 Be8 25.Rc4 Qb8 26.Re4 Rd5 27.Nd4 Rxe5 28.Qf3 Bd6 29.Rxe5 Bxe5 30.Nc6 Bxc6
31.Bxh7+ Kxh7 32.Qh5+ Kg8  1/2-1/2

[Event "ch-USA w"]
[Site "St Louis USA"]
[Date "2010.07.11"]
[Round "2"]
[White "Baginskaite,C"]
[Black "Zatonskih,A"]
[Result "0-1"]
[WhiteElo "2343"]
[BlackElo "2470"]

1.d4 d5 2.c4 e6 3.Nc3 c6 4.e3 Nf6 5.Nf3 Nbd7 6.Bd3 dxc4 7.Bxc4 b5 8.Be2 Bb7
9.O-O Be7 10.e4 b4 11.e5 bxc3 12.exf6 Bxf6 13.bxc3 c5 14.dxc5 O-O 15.Ba3 Be7
16.Rb1 Bd5 17.c4 Be4 18.Bd3 Bxd3 19.Qxd3 Nxc5 20.Qe3 Qc7 21.Rb5 Rac8 22.Rfb1 Rfd8
23.h3 a6 24.Rb6 Rd3 25.Qc1 Rcd8 26.Ne1 Rd1 27.Qe3 h6 28.R6b2 Bf6 29.Bxc5 Bxb2
30.Rxb2 R8d3 31.Qe2 Qxc5 32.Kh2 Rd8 33.Nf3 Qd6+ 34.g3 Qd3 35.Qxd3 R1xd3 36.Kg2 Rc3
37.Rb6 Ra3 38.c5 Rxa2 39.c6 Rc2 40.Rxa6 Rc8 41.Ne5 f6 42.Ng6 Kf7  0-1

[Event "ZDMI Open"]
[Site "Dresden GER"]
[Date "2010.07.12"]
[Round "3"]
[White "Lysyj,I"]
[Black "Broekman,W"]
[Result "1-0"]
[WhiteElo "2631"]
[BlackElo "2085"]

1.d4 e6 2.c4 Nf6 3.Nf3 d5 4.Nc3 c6 5.e3 Bd6 6.Bd3 Nbd7 7.O-O O-O 8.e4 dxc4
9.Bxc4 e5 10.Bg5 Qe7 11.d5 Nb6 12.Bb3 Bg4 13.Re1 Rfd8 14.Qd3 Bc5 15.h3 Bd7
16.Rad1 Re8 17.a3 Rad8 18.Ba2 Bc8 19.Qc2 Qc7 20.Bxf6 gxf6 21.dxc6 bxc6 22.b4 Bd6
23.Nh4 Kh8 24.Nf5 Rg8 25.Rc1 Be6 26.Red1 Qb8 27.Ne2 Nc8 28.Neg3 Be7 29.Qxc6  1-0

[Event "29th Jacques Lemans Open"]
[Site "St Veit SUI"]
[Date "2010.07.12"]
[Round "3"]
[White "Piber,Vink"]
[Black "Wegerer,J"]
[Result "0-1"]
[WhiteElo "1862"]
[BlackElo "2074"]

1.d4 d5 2.Nf3 c6 3.e3 Nf6 4.c4 e6 5.Nc3 Nbd7 6.cxd5 exd5 7.Bd3 Bd6 8.O-O O-O
9.e4 dxe4 10.Nxe4 Nxe4 11.Bxe4 Nf6 12.Bg5 Be7 13.Bc2 Be6 14.Qd3 g6 15.Rfe1 Re8
16.Re2 Nd5 17.Qd2 Bg4 18.Bxe7 Rxe7 19.Rxe7 Qxe7 20.Re1 Qb4 21.Bd1 Qxd2 22.Nxd2 Bxd1
23.Rxd1 Re8 24.Kf1 f6 25.Nf3 Kf7 26.Re1 Rxe1+ 27.Nxe1 Ke6 28.Ke2 Kf5 29.Kf3 h5
30.h3 Ke6 31.Nd3 b6 32.Nf4+ Nxf4 33.Kxf4 Kd5 34.Ke3 a5 35.Kd3 b5 36.b3 a4
37.g3 axb3 38.axb3 g5 39.f3 f5 40.Ke3 c5 41.dxc5 Kxc5 42.Kd3 Kb4 43.Kc2 g4
44.fxg4 fxg4 45.h4 Ka3 46.Kc3 Ka2 47.Kb4 Kb2 48.Kxb5 Kxb3 49.Kc5 Kc3 50.Kd5 Kd3
51.Ke5 Ke3 52.Kf5 Kf3 53.Kg6 Kxg3 54.Kxh5 Kh3  0-1

[Event "7th South Wales Int"]
[Site "Treforest WLS"]
[Date "2010.07.12"]
[Round "4"]
[White "Thompson,Robert"]
[Black "Menadue,J"]
[Result "0-1"]
[WhiteElo "1905"]
[BlackElo "2155"]

1.c4 c6 2.Nc3 d5 3.e3 Nf6 4.Nf3 e6 5.d4 Nbd7 6.Bd2 Bd6 7.cxd5 exd5 8.Rb1 O-O
9.b4 a6 10.Qb3 Re8 11.Bd3 Ne4 12.O-O Nf8 13.Bc1 Re6 14.Ne2 Rh6 15.Ng3 Bg4
16.Nd2 Qh4 17.h3 Nxd2 18.Bxd2 Bxh3 19.e4 Bxg2 20.Bxh6 Bxf1 21.Bxf1 Bxg3 22.fxg3 Qxh6
23.exd5 cxd5 24.Bg2 Ne6 25.Re1 Qf6 26.Qxd5 Rd8 27.Qxb7 Nxd4 28.Bd5 g6 29.Kg2 h5
30.Rc1 Nf5 31.Re1 Kg7 32.a4 Rd6 33.b5 axb5 34.axb5 Qb2+ 35.Kh3 Rf6 36.Qb8 Nh6
37.Re8 Qf2 38.Qe5 Ng4 39.Qe2 Qf5 40.Bg2 Nf2+ 41.Kh2 h4 42.gxh4 Qf4+ 43.Kg1 Qxh4
44.b6 Ng4 45.Bf3 Rxb6 46.Bxg4 Qg3+ 47.Kf1 Rb1+  0-1

[Event "Open A"]
[Site "Oberwart AUT"]
[Date "2010.07.13"]
[Round "1"]
[White "Schreiner,Pe"]
[Black "Froewis,A"]
[Result "1/2-1/2"]
[WhiteElo "2275"]
[BlackElo "1968"]

1.Nf3 d5 2.c4 e6 3.d4 Nf6 4.Nc3 c6 5.e3 Nbd7 6.b3 Bd6 7.Be2 O-O 8.O-O Re8
9.Qc2 e5 10.dxe5 Nxe5 11.cxd5 cxd5 12.Nb5 Nxf3+ 13.Bxf3 Be5 14.Bb2 Bd7 15.Bxe5 Bxb5
16.Bxf6 Qxf6 17.Rfd1 Bc6 18.Rd4 Rad8 19.Rad1 Re5 20.e4 Rde8 21.Be2 dxe4 22.Rd6 Qg5
23.g3 Qe7 24.b4 e3 25.f4 Re6 26.R6d4 a6 27.a4 Be4 28.Qc3 Bc6  1/2-1/2

[Event "7th South Wales Int"]
[Site "Treforest WLS"]
[Date "2010.07.13"]
[Round "6"]
[White "Brown,Th"]
[Black "Garcia,Jas"]
[Result "1/2-1/2"]
[WhiteElo "2064"]
[BlackElo "2008"]

1.d4 d5 2.c4 c6 3.Nf3 Nf6 4.e3 e6 5.Nc3 Nbd7 6.Bd3 dxc4 7.Bxc4 b5 8.Bd3 Bb7
9.e4 a6 10.O-O c5 11.d5 c4 12.Bc2 Qc7 13.dxe6 fxe6 14.e5 Nxe5 15.Nxe5 Qxe5
16.Re1 Qd6 17.Qxd6 Bxd6 18.Rxe6+ Kd7 19.Bf5 Kc7  1/2-1/2

[Event "ZDMI Open"]
[Site "Dresden GER"]
[Date "2010.07.14"]
[Round "5"]
[White "Krockenberger,M"]
[Black "Dieckmann,D"]
[Result "1/2-1/2"]
[WhiteElo "2219"]
[BlackElo "2011"]

1.c4 e6 2.Nf3 d5 3.d4 c6 4.Nc3 Nf6 5.e3 Nbd7 6.Qc2 Bd6 7.Be2 O-O 8.b3 dxc4
9.bxc4 e5 10.O-O Re8 11.Bb2 exd4 12.exd4 Nf8 13.Rad1 Ng6 14.c5 Bc7 15.Ne5 Nf4
16.Bf3 Be6 17.Bc1 N4d5 18.Ne2 Qe7 19.Nf4 Nxf4 20.Bxf4 Bd5 21.Rfe1 Bxf3 22.Nxf3 Qd7
23.Be5 Ng4 24.Ng5 g6 25.h3 Nxe5 26.dxe5 Qe7 27.f4 Ba5 28.Rf1 Red8 29.Ne4 Rxd1
30.Rxd1 Rd8 31.Nd6 b6 32.Kh1 Qc7 33.Rc1 Bb4 34.cxb6 Qxb6 35.Qxc6 Bxd6 36.exd6 Rxd6
37.Qe8+ Kg7 38.Qe5+ Kg8 39.f5 Qd8 40.Rc5 Qf6 41.fxg6 hxg6 42.Qxf6  1/2-1/2

[Event "5th Summer Cup"]
[Site "Porto Carras GRE"]
[Date "2010.07.14"]
[Round "5"]
[White "Vafiadis,K"]
[Black "Karlovich,A"]
[Result "1/2-1/2"]
[WhiteElo "2227"]
[BlackElo "2174"]

1.Nf3 d5 2.c4 c6 3.e3 Nf6 4.Nc3 e6 5.d4 Nbd7 6.Bd3 Bd6 7.e4 dxe4 8.Nxe4 Nxe4
9.Bxe4 Qa5+ 10.Bd2 Bb4 11.O-O Nf6 12.Bd3 Bxd2 13.Qxd2 Qxd2 14.Nxd2 O-O 15.Nf3 b6
16.Ne5 Bb7 17.Rfd1 Rfd8 18.Be2 c5 19.dxc5 bxc5 20.Nd3 Rdc8  1/2-1/2

[Event "7th South Wales Int"]
[Site "Treforest WLS"]
[Date "2010.07.14"]
[Round "8"]
[White "Rusev,K"]
[Black "Wells,P"]
[Result "1-0"]
[WhiteElo "2543"]
[BlackElo "2488"]

1.c4 e6 2.Nc3 d5 3.d4 c6 4.e3 Nf6 5.Nf3 Nbd7 6.Qc2 Bd6 7.Bd3 O-O 8.O-O dxc4
9.Bxc4 b5 10.Be2 Bb7 11.Rd1 Qb8 12.e4 e5 13.g3 Re8 14.Bg5 exd4 15.Nxd4 Be5
16.Nf5 Nc5 17.Be3 Ne6 18.f4 Nxf4 19.gxf4 Bxf4 20.Bxf4 Qxf4 21.Qd2 Qxd2 22.Rxd2 b4
23.Na4 Nxe4 24.Rd7 Nf6 25.Rxb7 Rxe2 26.Rxb4 h5 27.Ng3 Rc2 28.Rd1 Re8 29.Rbd4 Re5
30.R4d2 Rc4 31.Nc3 Rg4 32.Rg2 Reg5 33.Rdd2 Re5 34.Rde2  1-0

[Event "Int ch-SVK OpenA"]
[Site "Banska Stiavnica SVK"]
[Date "2010.07.15"]
[Round "6"]
[White "Petrik,T"]
[Black "Petenyi,T"]
[Result "1-0"]
[WhiteElo "2532"]
[BlackElo "2375"]

1.d4 d5 2.c4 c6 3.Nf3 Nf6 4.Nc3 e6 5.e3 Nbd7 6.Qc2 Bd6 7.Bd3 dxc4 8.Bxc4 b5
9.Be2 Bb7 10.O-O O-O 11.Rd1 Qc7 12.Bd2 a6 13.b4 e5 14.h3 h6 15.Rac1 Rfe8
16.dxe5 Nxe5 17.Nxe5 Rxe5 18.e4 Re7 19.Bf3 c5 20.bxc5 Qxc5 21.Nd5 Nxd5 22.Qxc5 Bxc5
23.exd5 Bd6 24.Rb1 Rc8 25.Bb4 Bxb4 26.Rxb4 Rd8 27.a4 bxa4 28.Rxa4 Red7 29.Ra5 Rd6
30.Kf1 g6 31.Ke2 Kg7 32.Ke3 Kf6 33.Kd4 Rc8 34.Rb1 Rc7 35.Rc5 Re7 36.Ra5 Rc7
37.Rb2 h5 38.h4 Rcd7 39.Rc5 Re7 40.Ra5 Red7 41.Rc2 Ke7 42.Re2+ Kf6 43.Rb2 Ke7
44.Ke5 Rc7 45.Be4 Bc8 46.Kd4 Bb7 47.Rc5 Rcd7 48.Ke5 f6+ 49.Kd4 Kf7 50.Rb3 Re7
51.Rb4 Red7 52.Rbc4 f5 53.Bf3 Re7 54.Rc7 Rdd7 55.Rxb7 Rxb7 56.d6 Rbd7 57.Bd5+ Kf6
58.dxe7 Rxe7 59.Rc6+ Kg7 60.Rxa6 Re2 61.Ra2 Re1 62.Ra7+ Kh6 63.f4 Re8 64.Rd7 Re1
65.Ra7 Re8 66.Rc7 Re1 67.Bg8 Rd1+ 68.Ke5 Re1+ 69.Kf6  1-0

[Event "Aegean Open"]
[Site "Agios Kirykos GRE"]
[Date "2010.07.16"]
[Round "4"]
[White "Pappas,A"]
[Black "Spiliadis,Athanasios"]
[Result "1-0"]
[WhiteElo "2080"]
[BlackElo "1807"]

1.d4 d5 2.c4 c6 3.Nc3 Nf6 4.e3 e6 5.Nf3 Nbd7 6.Qc2 Bd6 7.g4 Nxg4 8.Rg1 Nxh2
9.Nxh2 Bxh2 10.Rxg7 Nf6 11.Bd3 Bd6 12.Bd2 b6 13.O-O-O Bf8 14.Rg2 Bb7 15.e4 dxc4
16.Bxc4 Qc7 17.Kb1 O-O-O 18.Bg5 Be7 19.e5 Ng8 20.Bf4 Kb8 21.Rg7 c5 22.d5 exd5
23.Bxd5 f6 24.Nb5  1-0

[Event "Open A"]
[Site "Oberwart AUT"]
[Date "2010.07.16"]
[Round "4"]
[White "Heiny,J"]
[Black "Meglitsch,K"]
[Result "1/2-1/2"]
[WhiteElo "2270"]
[BlackElo "2058"]

1.d4 d5 2.c4 c6 3.Nc3 Nf6 4.e3 e6 5.Nf3 Nbd7 6.Bd3 dxc4 7.Bxc4 b5 8.Bd3 Bb7
9.e4 b4 10.Na4 c5 11.e5 Nd5 12.O-O cxd4 13.Re1 N5b6 14.Nxd4 Nxa4 15.Qxa4 Bc5
16.Nb3 O-O 17.Be3 Nb6 18.Qb5 Qd5 19.Bf1 Bxe3 20.Rxe3 Qxb5 21.Bxb5 Rac8 22.Rd1  1/2-1/2

[Event "2nd Open"]
[Site "Rethymno GRE"]
[Date "2010.07.16"]
[Round "5"]
[White "Banikas,H"]
[Black "Sulashvili,M"]
[Result "1/2-1/2"]
[WhiteElo "2591"]
[BlackElo "2498"]

1.d4 d5 2.c4 c6 3.Nf3 Nf6 4.e3 e6 5.Nc3 a6 6.b3 Bb4 7.Bd2 Nbd7 8.Bd3 O-O
9.O-O Qe7 10.Qc2 e5 11.Nxe5 Nxe5 12.dxe5 Qxe5 13.cxd5 cxd5 14.Ne2 Bxd2 15.Qxd2 Bg4
16.Ng3  1/2-1/2

[Event "Int ch-SVK OpenA"]
[Site "Banska Stiavnica SVK"]
[Date "2010.07.17"]
[Round "8"]
[White "Cvek,R"]
[Black "Michalik,P"]
[Result "1-0"]
[WhiteElo "2473"]
[BlackElo "2453"]

1.d4 d5 2.Nf3 Nf6 3.c4 e6 4.Nc3 c6 5.e3 Nbd7 6.Qc2 Bd6 7.Be2 O-O 8.O-O dxc4
9.Bxc4 b5 10.Bd3 Bb7 11.Rd1 b4 12.Ne4 Nxe4 13.Bxe4 h6 14.b3 Nf6 15.Bd3 c5
16.Bb2 Bxf3 17.gxf3 cxd4 18.Bxd4 Nd5 19.f4 Rc8 20.Bc4 Qh4 21.Qe4 Bc5 22.Be5 Nf6
23.Qg2 Ng4 24.Bb2 e5 25.fxe5 Rc6 26.Qg3 Qxg3+ 27.hxg3 Re8  1-0

[Event "33rd Taminco Open"]
[Site "Ghent BEL"]
[Date "2010.07.17"]
[Round "1"]
[White "Sadkowsky,D"]
[Black "Cuypers,D"]
[Result "1-0"]
[WhiteElo "2255"]
[BlackElo "1844"]

1.d4 d5 2.c4 c6 3.Nc3 Nf6 4.e3 e6 5.Nf3 Be7 6.Bd3 Nbd7 7.e4 dxe4 8.Nxe4 Nxe4
9.Bxe4 Nf6 10.Bc2 c5 11.O-O cxd4 12.Nxd4 O-O 13.Bf4 Bd7 14.Qe2 Qb6 15.Rad1 Rfe8
16.Be5 Bc6 17.Nxc6 Qxc6 18.Rd4 Rad8 19.Rfd1 Rxd4 20.Rxd4 Rd8 21.Bxf6 Bxf6
22.Rxd8+ Bxd8 23.Qd3 Bf6 24.Qxh7+ Kf8 25.b3 Qc7 26.g3 Qa5 27.Qh8+ Ke7 28.Qc8 b6
29.Qc7+ Kf8 30.Qd6+ Ke8 31.b4 Qe5 32.Ba4+  1-0

[Event "Corporation Centre Cup"]
[Site "Izhevsk RUS"]
[Date "2010.07.17"]
[Round "3"]
[White "Khakimov,T"]
[Black "Geller,J"]
[Result "0-1"]
[WhiteElo "2290"]
[BlackElo "2539"]

1.d4 Nf6 2.Nf3 e6 3.c4 d5 4.Nc3 c6 5.e3 Nbd7 6.Qc2 Bd6 7.b3 O-O 8.Be2 Qe7
9.O-O b6 10.Bb2 Bb7 11.Rfe1 Rad8 12.Rad1 Rfe8 13.Bd3 e5 14.e4 dxc4 15.Bxc4 b5
16.Bf1 exd4 17.Nxd4 Be5 18.Nf5 Qf8 19.g3 g6 20.Nh4 Qc5 21.Qc1 Ng4 22.Rd2 Ndf6
23.Nf3 Bc7 24.Rc2 Qb6 25.Kg2 a6 26.h3 Ne5 27.Be2 c5 28.Nxe5 Bxe5 29.Bf3 Rd3
30.Re3 Rxe3 31.Qxe3 Bd4 32.Qd3 Qe6 33.Re2 Nd7 34.Nd5 Ne5 35.Qd1 Nxf3 36.Nc7 Qe5
37.Nxe8 Qxe8  0-1

[Event "Canadian Open"]
[Site "Toronto CAN"]
[Date "2010.07.17"]
[Round "8"]
[White "Shabalov,A"]
[Black "Mulyar,M"]
[Result "1-0"]
[WhiteElo "2578"]
[BlackElo "2405"]

1.d4 d5 2.c4 c6 3.Nc3 Nf6 4.e3 e6 5.Nf3 Nbd7 6.Qc2 Bd6 7.Bd3 dxc4 8.Bxc4 O-O
9.O-O b5 10.Bd3 Bb7 11.a3 a6 12.b4 a5 13.Rb1 axb4 14.axb4 Qe7 15.e4 e5 16.Ne2 Bxb4
17.Ng3 g6 18.dxe5 Ng4 19.e6 fxe6 20.Bg5 Qd6 21.Be2 Rf7 22.e5 Ngxe5 23.Ne4 Nxf3+
24.Bxf3 Qf8 25.Bg4 Re8 26.Rfd1 Ne5 27.Bh3 Nc4 28.Nf6+ Rxf6 29.Bxf6 Qxf6 30.Rxb4 c5
31.Rxb5 Na3 32.Qb2 Qxb2 33.Rxb2 Bd5 34.Rc1 Nc4 35.Rb5 Rc8 36.f4 Kg7 37.g3 g5
38.f5 exf5 39.Bxf5 Rc7 40.Bd3 Ne3 41.Rbxc5  1-0

[Event "Int ch-SVK OpenA"]
[Site "Banska Stiavnica SVK"]
[Date "2010.07.18"]
[Round "9"]
[White "Kolesar,Mil"]
[Black "Petenyi,T"]
[Result "1/2-1/2"]
[WhiteElo "2171"]
[BlackElo "2375"]

1.Nf3 d5 2.d4 Nf6 3.c4 e6 4.Nc3 c6 5.e3 Nbd7 6.Bd3 dxc4 7.Bxc4 b5 8.Bd3 b4
9.Na4 Bb7 10.e4 c5 11.e5 Nd5 12.O-O cxd4 13.Re1 Be7 14.Nxd4 g6 15.Bh6 Bf8
16.Qd2 Bxh6 17.Qxh6 Qa5 18.Nb5 O-O-O 19.Nd6+ Kb8 20.Nxb7 Kxb7 21.b3 Nc5 22.Nxc5+ Qxc5
23.Be4 Kb8 24.Bf3 Nc3 25.Qf4 Rd7 26.a3 bxa3 27.Qc1 Rc8 28.Qxa3 Qxa3 29.Rxa3 Rcc7
30.h3 Rd2 31.Re3 Nb5 32.Ra4 Kc8 33.Be2 Nc3 34.Ba6+ Kd7 35.Rc4 Rd1+ 36.Kh2 Nd5
37.Re2 Nb6 38.Bb5+ Kc8 39.Rxc7+ Kxc7 40.Be8 Kd8 41.Bb5 Rc1 42.Rd2+ Ke7 43.f4 Nd5
44.g3 Rc3 45.Bc4 Ne3 46.Ra2 Rc2+ 47.Rxc2 Nxc2 48.Bb5 Nd4 49.Ba4 f6 50.exf6+ Kxf6
51.Kg2 e5 52.fxe5+ Kxe5 53.h4 a5 54.Kh3 Kf5 55.Kg2 Ke4 56.Kh3 Kf5 57.Bd7+ Ke4
58.Kg4 Nxb3 59.Kg5 Nc5 60.Bc6+ Ke5 61.Kh6 a4 62.Bxa4 Nxa4 63.Kxh7 Kf6 64.g4 Nb6
65.g5+ Kf5 66.Kh6 Nd5 67.h5 gxh5 68.Kxh5  1/2-1/2

[Event "Corporation Centre Cup"]
[Site "Izhevsk RUS"]
[Date "2010.07.18"]
[Round "4"]
[White "Nelyubin,G"]
[Black "Palachev,P"]
[Result "0-1"]
[WhiteElo "2067"]
[BlackElo "2201"]

1.d4 d5 2.c4 c6 3.Nc3 e6 4.e3 Nf6 5.Nf3 Nbd7 6.Bd3 dxc4 7.Bxc4 b5 8.Bd3 a6
9.e4 c5 10.d5 c4 11.dxe6 fxe6 12.Bc2 Qc7 13.O-O Bb7 14.Nd4 Nc5 15.Qe2 O-O-O
16.Rd1 e5 17.Nf3 Rxd1+ 18.Qxd1 Bd6 19.Qe2 b4 20.Na4 Nxa4 21.Bxa4 Nxe4 22.Be3 c3
23.a3 bxa3 24.bxa3 Kb8 25.Bc2 Nf6 26.Rb1 Ka8 27.Rb3 e4 28.Ng5 h6 29.Nxe4 Nd5
30.Nxd6 Qxd6 31.Bd4 Nf4 32.Qe5 Qxd4 33.Qxd4 Ne2+ 34.Kf1 Nxd4 35.Rxc3 Rc8
36.Rxc8+ Bxc8 37.Bd3 Kb7 38.f4 Bf5 39.Bc4 Nc2  0-1

[Event "Corporation Centre Cup"]
[Site "Izhevsk RUS"]
[Date "2010.07.18"]
[Round "4"]
[White "Tunik,G"]
[Black "Filipenko,A"]
[Result "1-0"]
[WhiteElo "2469"]
[BlackElo "2344"]

1.d4 d5 2.c4 c6 3.Nf3 Nf6 4.Nc3 e6 5.e3 Nbd7 6.Bd3 dxc4 7.Bxc4 b5 8.Bd3 Bd6
9.O-O O-O 10.h3 Bb7 11.e4 e5 12.Be3 Re8 13.Rc1 a6 14.Bb1 Qb8 15.a3 a5 16.Ne2 b4
17.axb4 axb4 18.Re1 h6 19.Qd2 exd4 20.Nexd4 c5 21.Nf5 Ra6 22.Red1 Bf8 23.Bd3 Rae6
24.Ng3 Bd6 25.Bc4 Bxg3 26.Bxe6 Bxf2+ 27.Qxf2 Rxe6 28.Nd2 Qe5 29.Bxc5 Qxb2
30.Bd4 Qa2 31.Rc7 Qa4 32.Ra1 Qb5 33.Ra7 Bc6 34.Rc8+ Re8 35.Rxe8+ Nxe8 36.Qf5 Nd6
37.Qg4 g5 38.Qf3 b3 39.Rxd7 Bxd7 40.Qf6  1-0

[Event "ch-USA Junior"]
[Site "St Louis USA"]
[Date "2010.07.18"]
[Round "8"]
[White "Robson,R"]
[Black "Yang,Dar"]
[Result "1/2-1/2"]
[WhiteElo "2562"]
[BlackElo "2396"]

1.d4 d5 2.c4 c6 3.Nf3 Nf6 4.Nc3 e6 5.e3 Nbd7 6.Bd3 Be7 7.O-O O-O 8.b3 b6
9.Bb2 Bb7 10.Ne5 Nxe5 11.dxe5 Nd7 12.f4 Nc5 13.Bc2 dxc4 14.Qh5 Nd3 15.Rad1 b5
16.Ne4 c5 17.Bxd3 cxd3 18.Nd6 Bxd6 19.exd6 Qxd6 20.Bxg7 Kxg7 21.Qg5+ Kh8
22.Qf6+ Kg8 23.Qg5+ Kh8 24.Qf6+ Kg8 25.Qg5+ Kh8  1/2-1/2

[Event "XIX ch-Macedonia Open"]
[Site "Struga MKD"]
[Date "2010.07.18"]
[Round "1"]
[White "Bogdanovski,V"]
[Black "Koskoska,G"]
[Result "1/2-1/2"]
[WhiteElo "2399"]
[BlackElo "2152"]

1.d4 Nf6 2.Nf3 d5 3.c4 c6 4.Nc3 e6 5.e3 Bd6 6.Bd3 Nbd7 7.e4 dxe4 8.Nxe4 Nxe4
9.Bxe4 Nf6 10.Bc2 c5 11.dxc5 Bxc5 12.Qxd8+ Kxd8 13.Bd2 a5 14.O-O Ke7 15.a3 a4
16.Rfd1 b6 17.Ne5 Bb7 18.Bc3 Rhc8 19.Rd2 Ra7 20.Rad1 Bc6 21.Rd8 Rcc7 22.Nxc6+  1/2-1/2

[Event "4th Open"]
[Site "Vecindario ESP"]
[Date "2010.07.18"]
[Round "1"]
[White "Salgado Lopez,I"]
[Black "Ramirez Medina,Victor"]
[Result "1-0"]
[WhiteElo "2607"]
[BlackElo "1794"]

1.c4 Nf6 2.Nc3 c6 3.d4 d5 4.e3 e6 5.Nf3 Nbd7 6.Qc2 Bd6 7.Be2 O-O 8.O-O dxc4
9.Bxc4 a6 10.Rd1 b5 11.Bf1 Qc7 12.e4 e5 13.Ne2 Re8 14.Ng3 exd4 15.Nxd4 c5
16.Ndf5 Be5 17.a4 b4 18.f3 Nf8 19.Be3 Bxf5 20.Nxf5 Bxh2+ 21.Kh1 Ne6 22.Rac1 g6
23.g3 Bxg3 24.Nxg3 Qxg3 25.Qf2 Qxf2 26.Bxf2 Rec8 27.a5 Rc6 28.Bc4 Rd8 29.Rxd8+ Nxd8
30.e5 Ne8 31.Bd5 Rc7 32.Rxc5 Ne6 33.Rc4 Rxc4 34.Bxc4 N8c7 35.Be1 Kf8 36.Bxb4+ Ke8
37.Bd6 Kd7 38.Kg2 Nb5 39.Bb4 Kc6 40.Kg3 Nbc7 41.Bd2 Kc5 42.Be2 Nd4 43.Bd3 Nde6
44.f4 Nd4 45.b4+ Kd5 46.Kg4 h6 47.Be3 Nc6 48.Bd2 Nd4 49.Be1 Nc6 50.Bb1 Kd4
51.Ba2 Nd5 52.Bf2+ Ne3+ 53.Kf3 Nxb4 54.Bxe3+  1-0

[Event "4th Open"]
[Site "Vecindario ESP"]
[Date "2010.07.18"]
[Round "2"]
[White "Campos Gambuti,L"]
[Black "Hernandez Leon,S"]
[Result "1-0"]
[WhiteElo "2446"]
[BlackElo "2131"]

1.d4 d5 2.c4 c6 3.Nc3 e6 4.e3 Nf6 5.Nf3 Nbd7 6.Qc2 Bd6 7.g4 Bb4 8.Bd3 dxc4
9.Bxc4 Qe7 10.Bd2 b5 11.Be2 Bb7 12.g5 Nd5 13.Nxd5 exd5 14.h4 a6 15.Bxb4 Qxb4+
16.Nd2 Qe7 17.Bg4 Nb6 18.Nb3 a5 19.Nc5 Bc8 20.Bxc8 Rxc8 21.a4 b4 22.b3 O-O
23.Qf5 Rc7 24.Rc1 g6 25.Qf4 f6 26.Ne6  1-0

[Event "Najdorf Mem Open A"]
[Site "Warsaw POL"]
[Date "2010.07.18"]
[Round "2"]
[White "Beinoras,M"]
[Black "Malakhatko,V"]
[Result "0-1"]
[WhiteElo "2386"]
[BlackElo "2576"]

1.d4 Nf6 2.c4 e6 3.Nf3 d5 4.Nc3 c6 5.e3 a6 6.b3 Bb4 7.Bd2 Bd6 8.Bd3 c5 9.O-O O-O
10.Rc1 Nc6 11.cxd5 exd5 12.Ne2 cxd4 13.Nexd4 Nxd4 14.Nxd4 Ne4 15.Be1 Re8
16.f3 Nc5 17.Bf2 Nxd3 18.Qxd3 Qg5 19.Ne2 Bd7 20.f4 Qh6 21.Qxd5 Bb5 22.Rfe1 Bb4
23.Nc3 Rad8 24.Qxb7 Rd7 25.Qf3 Rd3 26.Nxb5 Bxe1 27.Rxe1 axb5 28.Qb7 Qh5 29.a4 bxa4
30.bxa4 Rd1 31.Qb5 Rxe1+ 32.Bxe1 Qxb5 33.axb5 Rxe3 34.Kf2 Rb3 35.Bd2 f5 36.Be3 Rxb5
37.Bd4 Kf7 38.h3 Rb3 39.Be3 Ke6 40.Kf3 Kd5  0-1

[Event "Open"]
[Site "Antakya TUR"]
[Date "2010.07.19"]
[Round "8"]
[White "Ererdem,G"]
[Black "Burcu,C"]
[Result "1-0"]
[WhiteElo "1857"]
[BlackElo "1873"]

1.d4 e6 2.c4 Nf6 3.Nf3 d5 4.Nc3 c6 5.e3 Nbd7 6.Bd3 dxc4 7.Bxc4 Be7 8.O-O O-O
9.e4 b5 10.Bd3 b4 11.Na4 h6 12.Qe2 e5 13.Nxe5 Nxe5 14.dxe5 Nh7 15.b3 Qa5
16.f4 Rd8 17.Nb2 Bc5+ 18.Be3 Bg4 19.Qf2 Bxe3 20.Qxe3 Qb6 21.Rfe1 Qd4 22.Qxd4 Rxd4
23.f5 Bh5 24.h3 f6 25.e6 Kf8 26.Kf2 Rad8 27.Ke3 Ke7 28.Rac1 Be8 29.Rc5 R4d6
30.Rc4 Rb8 31.Rec1 g6 32.Rc5 gxf5 33.exf5 Rc8 34.R1c4 Rb8 35.Be4 Rb6 36.Na4 Rd8  1-0